| 000 | 00714nam a22002417a 4500 | ||
|---|---|---|---|
| 001 | 23098 | ||
| 003 | UA-OsUOA | ||
| 005 | 20211216221939.0 | ||
| 007 | ta | ||
| 008 | 20040112b un ||||| |||| 00| 0 ukr d | ||
| 040 |
_aUA-OsUOA _bukr _cUA-OsUOA _dUA-OsUOA |
||
| 041 | _aukr | ||
| 044 | _aUA | ||
| 080 | _a272 (477) | ||
| 090 |
_a272 (477) _bБ82 |
||
| 100 | _aБорщевич В. | ||
| 245 |
_aДоля священиків УАПЦ Волині у 1944-1950 рр. _cВолодимир Борщевич |
||
| 260 |
_aЛуцьк _c1997 |
||
| 300 |
_a39 с. _bІлюстрації |
||
| 650 | 7 |
_a27 Загальна історія Християнської церкви _2UDC |
|
| 942 |
_cBK _2udc |
||
| 955 | _a1 | ||
| 999 |
_c309340 _d309340 |
||